[Event "Lagan Spring IM"]
[Site "Lagan"]
[Date "2019.04.04"]
[Round "8"]
[White "Pilavov, Georgy"]
[Black "Smagliev, Aleksandr"]
[Result "1/2-1/2"]
[WhiteElo "2611"]
[BlackElo "2338"]
[PlyCount "32"]
[EventDate "2019.04.01"]
[EventType "tourn"]
[EventRounds "9"]
[EventCountry "RUS"]
[EventCategory "2"]
[SourceTitle "CBM 189 Extra"]
[Source "ChessBase"]
[SourceDate "2019.06.03"]
[SourceVersion "1"]
[SourceVersionDate "2019.06.03"]
[SourceQuality "1"]

1. d4 d5 2. c4 dxc4 3. Nf3 c5 4. d5 Nf6 5. Nc3 e6 6. e4 exd5 7. e5 Ne4 8. Qxd5 Nxc3 9. Qxd8+ Kxd8 10. bxc3 Be6 11. Ng5 Nc6 12. Nxe6+ fxe6 13. Bxc4 Nxe5 14. Bxe6 Nd3+ 15. Kd2 Nxc1 16. Raxc1 Kc7 1/2-1/2